Accelerator systems for injection moulding compounds (Record no. 53735)

MARC details
000 -LEADER
fixed length control field 00415nam a2200145Ia 4500
100 ## - MAIN ENTRY--AUTHOR NAME
Personal name Graf H J
245 #0 - TITLE STATEMENT
Title Accelerator systems for injection moulding compounds
260 ## - PUBLICATION, DISTRIBUTION, ETC. (IMPRINT)
Name of publisher International Polymer Science and Technology
Year of publication 1996
300 ## - PHYSICAL DESCRIPTION
Number of Pages 13-Jul
650 ## - SUBJECT ADDED ENTRY--TOPICAL TERM
Topical Term Accelerator systems
650 ## - SUBJECT ADDED ENTRY--TOPICAL TERM
Topical Term Injection moulding compound
700 ## - ADDED ENTRY--PERSONAL NAME
Personal name Knorr K
942 ## - ADDED ENTRY ELEMENTS (KOHA)
Koha item type Journals
Holdings
Withdrawn status Lost status Damaged status Not for loan Home library Current library Shelving location Date acquired Serial Enumeration / chronology Koha item type
      Journals RRII Library RRII Library Rubber chemistry 17/12/2021 Volume 23, Issue 2 Journals